| 000 | 00976nmc a2200349 a 4500 | ||
|---|---|---|---|
| 003 | AR-BaBNM | ||
| 005 | 20251128205609.0 | ||
| 008 | 278019s1992 ||||||||||||||000 | spa|| | ||
| 020 | _a968-23-0950-6 | ||
| 040 | _cAR-BaBNM | ||
| 100 | 1 | _aFieldhouse, David | |
| 245 | 1 | 0 | _aLos Imperios coloniales desde el siglo XVIII |
| 250 | _a5ª ed. | ||
| 260 |
_aMéxico, D.F. _bSiglo Veintiuno _c1992 |
||
| 300 | 0 |
_a351 p. _bmapas |
|
| 490 | 0 |
_aHistoria Universal siglo XXI _vv. 29 |
|
| 500 | 0 | _aIndice alfabético p. 341-350 | |
| 504 | _aBibliografía p. 323-340 | ||
| 650 | 4 | _aSIGLO DIECIOCHO | |
| 650 | 4 | _aSIGLO DIECINUEVE | |
| 650 | 4 | _aIMPERIALISMO | |
| 650 | 4 | _aCOLONIZACION | |
| 650 | 4 | _aTERRITORIOS OCUPADOS | |
| 650 | 4 | _aCIENCIAS POLITICAS | |
| 650 | 4 | _aDESCOLONIZACION | |
| 650 | 4 | _aHISTORIA SOCIAL | |
| 650 | 4 | _aHISTORIA ECONOMICA | |
| 650 | 4 | _aREPARTO DE TIERRAS | |
| 700 | 1 |
_aGil Lasierra, Agustín _etraductor |
|
| 942 | _cBK | ||
| 998 | _cMariana | ||
| 999 |
_c12061 _d12061 |
||